| 000 | nam a22 7a 4500 | ||
|---|---|---|---|
| 999 |
_c153709 _d153707 |
||
| 005 | 20200120104137.0 | ||
| 008 | 200120b mx ||||| |||| 00| 0 spa d | ||
| 020 | _a9789076283882 | ||
| 050 | 0 | 4 |
_aB5618.S7 _bR45 2019 |
| 100 | 1 | _aGómez Rodríguez,Luis O. | |
| 245 | 1 | 4 |
_aLas religiones de Asia a partir de la modernidad : _bel ejemplo de la meditación budista / _cLuis O. Gómez Rodríguez |
| 250 | _a1a edición | ||
| 260 |
_aMéxico : _bEl colegio de México, _c2019 |
||
| 300 |
_a113 p. ; _c17 cm. |
||
| 490 | 0 |
_aJornadas, _vNo 175 |
|
| 504 | _aBibliografía p. 97-113 | ||
| 650 | 4 |
_aMeditación _xBudismo. |
|
| 942 |
_2lcc _cLIB |
||